Kovová schodiště : Konstrukce,návrh,příklady realizací
Uložené v:
| Hlavní autori: | , |
|---|---|
| Médium: | Kniha |
| Jazyk: | Czech |
| Vydavateľské údaje: |
Brno :
ERA group ,
2006
|
| Vydanie: | 2.vyd. |
| Tagy: |
Žiadne tagy, Buďte prvý, kto otaguje tento záznam!
|
MARC
| LEADER | 00000nam a22000003a 4500 | ||
|---|---|---|---|
| 001 | stu154713 | ||
| 005 | 20150617225947.1 | ||
| 008 | 080110s2006----xr------------------cze-d | ||
| 020 | |a 80-7366-078-4 | ||
| 040 | |a STU |b slo | ||
| 041 | 0 | |a cze | |
| 044 | |a xr | ||
| 080 | |a 69.026:669.015 | ||
| 100 | 1 | |a Baus, Ursula |4 aut | |
| 245 | 1 | |a Kovová schodiště : |b Konstrukce,návrh,příklady realizací | |
| 250 | |a 2.vyd. | ||
| 260 | |a Brno : |b ERA group , |c 2006 | ||
| 300 | |a 103 s | ||
| 500 | |a prel. z nemeckého orig. | ||
| 700 | 1 | |a Siegele, Klaus |4 aut | |
| 996 | |b 284V030531 |c V*49669/O-22021a |l VVS |s A |a 24 |w stu154713_0001 | ||
| 996 | |b 284V030487 |c V*49668/O-22021 |l VVT |s A |a 24 |w stu154713_0002 | ||